Staaten mit sechs Nachbarländern - Statistiken

Allgemein
  • Dieses Quiz wurde 53 mal gespielt
  • Das Durchschnittsergebnis liegt bei 11 aus 14
Antwortstatistiken
Hint Antwort % Korrekt
Frankreich, Österreich, San Marino, Schweiz, Slowenien, Vatikanstadt Italien
91%
Iran, Jordanien, Kuwait, Saudi Arabien, Syrien, Türkei Irak
87%
China, Iran, Pakistan, Tadschikistan, Turkmenistan, Usbekistan Afghanistan
85%
Dschibuti, Eritrea, Kenia, Somalia, Sudan, Südsudan Äthiopien
85%
Kamerun, Libyen, Niger, Nigeria, Sudan, Zentralafrikanische Republik Tschad
85%
Libyen, Mali, Marokko, Mauretanien, Niger, Tunesien Algerien
83%
Bangladesch, Bhutan, China, Myanmar, Nepal, Pakistan Indien
83%
Ägypten, Algerien, Niger, Sudan, Tschad, Tunesien Libyen
80%
Botsuana, Eswatini, Lesotho, Mosambik, Namibia, Simbabwe Südafrika
80%
Benin, Elfenbeinküste, Ghana, Mali, Niger, Togo Burkina Faso
78%
Äquatorialguinea, Gabun, Nigeria, Tschad, Republik Kongo, Zentralafrikanische Republik Kamerun
78%
Elfenbeinküste, Guinea Bissau, Mali, Liberia, Senegal, Sierra Leone Guinea
76%
Eswatini, Malawi, Sambia, Simbabwe, Südafrika, Tansania Mosambik
76%
Demokratische Republik Kongo, Kamerun, Republik Kongo, Sudan, Südsudan, Tschad Zentralafrikanische Republik
70%
Keine übereinstimmenden Quizze gefunden
Verteilung der Resultate
Anzahl Personen mit jedem Resultat
Perzentil nach korrekt beantworteten Fragen
Ihre Resultats-Entwicklung
Sie haben dieses Quiz noch nicht gespielt